000 00314nam a2200121Ia 4500
008 231129s9999||||xx |||||||||||||| ||spa||
040 _bspa
082 _a370.1 C775c
100 _aCoombs Philip H
245 0 _aLa crisis mundial de la educacion: Perspectivas actuales
264 _aSantillana
942 _2ddc
_cBKS
999 _c16777
_d16777